Suomen kuntien vaakunat - Statistics

Yleistilastot
  • Tätä visaa on pelattu 316 kertaa
  • Keskiarvotulos 135 / 308
Vastaustilastot
Kuvavisa Vastaus % Oikein
Helsinki
83%
Nurmijärvi
83%
Vantaa
81%
Espoo
80%
Tampere
76%
Enontekiö
73%
Orivesi
72%
Inari
71%
Orimattila
71%
Hämeenlinna
70%
Lappeenranta
70%
Oripää
70%
Pukkila
70%
Seinäjoki
70%
Kotka
68%
Laukaa
68%
Turku
68%
Hirvensalmi
66%
Rauma
66%
Kauniainen
65%
Kuopio
65%
Naantali
65%
Porvoo
65%
Tornio
65%
Lapua
64%
Oulu
64%
Kannonkoski
63%
Kaustinen
63%
Lumijoki
63%
Pori
63%
Sipoo
63%
Akaa
62%
Jyväskylä
62%
Ylöjärvi
62%
Imatra
61%
Savonlinna
61%
Mäntsälä
60%
Ii
59%
Joensuu
59%
Joroinen
59%
Kokkola
59%
Lahti
59%
Rovaniemi
59%
Jomala
58%
Kajaani
58%
Kerava
58%
Kyyjärvi
58%
Lieksa
58%
Liminka
58%
Nokia
58%
Padasjoki
58%
Perho
58%
Tammela
58%
Multia
57%
Myrskylä
57%
Kangasala
56%
Kuusamo
56%
Janakkala
55%
Laitila
55%
Vöyri
55%
Raahe
54%
Toivakka
54%
Valkeakoski
54%
Mikkeli
53%
Geta
51%
Haapavesi
51%
Heinävesi
51%
Kannus
51%
Kemi
51%
Kökar
51%
Rautalampi
51%
Varkaus
51%
Äänekoski
50%
Hanko
50%
Hollola
50%
Hyvinkää
50%
Iitti
50%
Kontiolahti
50%
Mäntyharju
50%
Outokumpu
50%
Punkalaidun
50%
Raasepori
50%
Raisio
50%
Ruokolahti
50%
Kemijärvi
49%
Kouvola
49%
Kumlinge
49%
Rautavaara
49%
Tuusula
49%
Viitasaari
49%
Virrat
49%
Asikkala
48%
Hamina
48%
Hankasalmi
48%
Iisalmi
48%
Ilmajoki
48%
Lieto
48%
Nakkila
48%
Sauvo
48%
Utsjoki
48%
Eura
47%
Heinola
47%
Juva
47%
Miehikkälä
47%
Vesilahti
47%
Ylivieska
47%
Hattula
46%
Kangasniemi
46%
Karstula
46%
Kemiönsaari
46%
Kivijärvi
46%
Muurame
46%
Säkylä
46%
Siilinjärvi
46%
Sodankylä
46%
Alavieska
45%
Brändö
45%
Eckerö
45%
Kauhajoki
45%
Keminmaa
45%
Lapinlahti
45%
Maarianhamina
45%
Pietarsaari
45%
Pyhäjoki
45%
Simo
45%
Sonkajärvi
45%
Aura
44%
Järvenpää
44%
Kaarina
44%
Kitee
44%
Lempäälä
44%
Leppävirta
44%
Posio
44%
Riihimäki
44%
Ulvila
44%
Huittinen
43%
Humppila
43%
Ilomantsi
43%
Karkkila
43%
Kauhava
43%
Laihia
43%
Pälkäne
43%
Puumala
43%
Salla
43%
Sulkava
43%
Vaasa
43%
Alajärvi
42%
Forssa
42%
Inkoo
42%
Isokyrö
42%
Pieksämäki
42%
Rääkkylä
42%
Siikainen
42%
Uusikaarlepyy
42%
Vehmaa
42%
Juupajoki
41%
Kalajoki
41%
Marttila
41%
Puolanka
41%
Salo
41%
Siikajoki
41%
Vieremä
41%
Vihti
41%
Hämeenkyrö
40%
Kirkkonummi
40%
Kittilä
40%
Kokemäki
40%
Oulainen
40%
Pirkkala
40%
Sastamala
40%
Hartola
39%
Isojoki
39%
Kempele
39%
Kiuruvesi
39%
Liperi
39%
Merikarvia
39%
Petäjävesi
39%
Ruovesi
39%
Suonenjoki
39%
Taivassalo
39%
Vesanto
39%
Virolahti
39%
Askola
38%
Evijärvi
38%
Jämsä
38%
Lohja
38%
Loppi
38%
Loviisa
38%
Luoto
38%
Nousiainen
38%
Rantasalmi
38%
Hyrynsalmi
37%
Kinnula
37%
Kristiinankaupunki
37%
Muhos
37%
Muonio
37%
Pelkosenniemi
37%
Saarijärvi
37%
Savitaipale
37%
Savukoski
37%
Soini
37%
Suomussalmi
37%
Ähtäri
36%
Föglö
36%
Hailuoto
36%
Hammarland
36%
Harjavalta
36%
Hausjärvi
36%
Kaavi
36%
Karijoki
36%
Kaskinen
36%
Kurikka
36%
Mynämäki
36%
Parkano
36%
Pöytyä
36%
Uusikaupunki
36%
Alavus
35%
Ikaalinen
35%
Lemi
35%
Luhanka
35%
Masku
35%
Nivala
35%
Parainen
35%
Pomarkku
35%
Pornainen
35%
Rautjärvi
35%
Ristijärvi
35%
Rusko
35%
Somero
35%
Tervola
35%
Tyrnävä
35%
Vimpeli
35%
Enonkoski
34%
Eurajoki
34%
Halsua
34%
Konnevesi
34%
Kuhmo
34%
Lapinjärvi
34%
Luumäki
34%
Pyhtää
34%
Taivalkoski
34%
Teuva
34%
Urjala
34%
Joutsa
33%
Kärkölä
33%
Karvia
33%
Kolari
33%
Loimaa
33%
Närpiö
33%
Paimio
33%
Pudasjärvi
33%
Sysmä
33%
Jämijärvi
32%
Koski Tl
32%
Kuortane
32%
Merijärvi
32%
Siikalatva
32%
Vårdö
32%
Ypäjä
32%
Kankaanpää
31%
Keuruu
31%
Lumparland
31%
Pielavesi
31%
Sotkamo
31%
Ylitornio
31%
Haapajärvi
30%
Kärsämäki
30%
Kihniö
30%
Kuhmoinen
30%
Kustavi
30%
Lemland
30%
Mänttä-Vilppula
30%
Mustasaari
30%
Nurmes
30%
Pihtipudas
30%
Polvijärvi
30%
Pyhäjärvi
30%
Pyhäranta
30%
Ranua
30%
Saltvik
30%
Siuntio
30%
Sottunga
30%
Sund
30%
Taipalsaari
30%
Tohmajärvi
30%
Uurainen
30%
Veteli
30%
Finström
29%
Juuka
29%
Lappajärvi
29%
Lestijärvi
29%
Reisjärvi
29%
Toholampi
29%
Sievi
28%
Tuusniemi
28%
Utajärvi
28%
Jokioinen
27%
Kruunupyy
27%
Pello
27%
Vaala
27%
Maalahti
26%
Paltamo
26%
Keitele
25%
Pyhäntä
25%
Tervo
25%
Korsnäs
23%
Parikkala
23%
Pedersöre
22%
Ehtoja vastaavia visoja ei löytynyt
Tulosjakauma
Jokaisen tuloksen saaneiden osuus
Persentiili vastausten määrän mukaan
Tuloshistoriasi
Et ole pelannut tätä visaa